| 000 | 01004cam a22002654a 4500 | ||
|---|---|---|---|
| 999 |
_c534102 _d534102 |
||
| 001 | 13734050 | ||
| 003 | NUST | ||
| 005 | 20200131145118.0 | ||
| 008 | 040928s2005 ne a b 001 0 eng | ||
| 010 | _a 2004022861 | ||
| 020 | _a0127877673 (acidfree) | ||
| 040 |
_aDLC _cDLC _dDLC |
||
| 042 | _apcc | ||
| 082 | 0 | 0 |
_a624.17 _bYAN |
| 100 | 1 |
_aYang, Bingen. _928237 |
|
| 245 | 1 | 0 |
_aStress, strain, and structural dynamics : _ban interactive handbook of formulas, solutions, and MATLAB toolboxes / _cBingen Yang. |
| 260 |
_aAmsterdam ; _aBoston, Mass. : _bElsevier Academic Press, _cc2005. |
||
| 300 |
_axvii, 942 p. ; _bill. ; _c27 cm. + |
||
| 504 | _aIncludes bibliographical references and index. | ||
| 650 | 0 |
_aStrains and stresses. _928238 |
|
| 650 | 0 |
_aStructural dynamics. _910008 |
|
| 856 | 4 | 1 |
_3Table of contents only _uhttp://www.loc.gov/catdir/toc/ecip051/2004022861.html |
| 856 | 4 | 2 |
_3Publisher description _uhttp://www.loc.gov/catdir/enhancements/fy0617/2004022861-d.html |
| 942 |
_2ddc _cBK |
||